Errate den Song am Songtext #7 - Statistiken

Allgemein
  • Dieses Quiz wurde 442 mal gespielt
  • Das Durchschnittsergebnis liegt bei 153 aus 368
Antwortstatistiken
Antwort % Korrekt
I
99%
a
93%
you
91%
the
84%
me
80%
we
75%
love
73%
to
70%
To
70%
and
68%
Is
68%
it
68%
my
66%
your
66%
do
64%
go
64%
go)
64%
No
63%
no
63%
this
59%
on
58%
can
56%
in
56%
So
51%
will
50%
Will
50%
life
46%
just
45%
Just
45%
not
45%
of
45%
real
42%
dont
41%
For
41%
for
41%
let
41%
(Let
41%
Im
40%
come
39%
man
39%
But
38%
had
38%
has
38%
time
38%
now
37%
see
37%
all
36%
his
36%
Too
35%
boy
34%
boy)
34%
fantasy
33%
from
32%
If
32%
if
32%
Mama
32%
mama
32%
Oh
32%
him
31%
up
31%
at
30%
never
30%
As
29%
cant
29%
Little
29%
little
29%
got
28%
mean
28%
Because
27%
eye
27%
way
27%
been
26%
get
26%
head
26%
Look
26%
make
26%
mia
26%
need
26%
really
26%
Any
25%
(Any
25%
away
25%
Doesnt
25%
easy
25%
Easy
25%
here
25%
killed
25%
poor
25%
(poor
25%
begun
24%
cry
24%
down
24%
eyes
24%
hes
24%
Hes
24%
high
24%
reality
24%
baby
23%
back
23%
dead
23%
gun
23%
matter
23%
Put
23%
put
23%
against
22%
Didnt
22%
die
22%
escape
22%
Ive
22%
leave
22%
low
22%
Pulled
22%
trigger
22%
gone
21%
nothing
21%
Nothing
21%
Open
21%
wanna
21%
Carry
20%
carry
20%
think
20%
wind
20%
blows
19%
blows)
19%
right
19%
tomorrow
19%
Caught
18%
out
18%
Galileo
17%
(Galileo)
17%
skies
17%
family
16%
late
16%
loves
16%
nobody
16%
sympathy
16%
matters
15%
behind
14%
everybody
14%
face
14%
Gotta
14%
gotta
14%
sometimes
14%
thrown
14%
Id
13%
wish
13%
born
12%
devil
12%
Figaro
12%
truth
12%
very
12%
Goodbye
11%
lightning
11%
ooh
11%
shivers
11%
spine
11%
aching
10%
(Ah
9%
ah
9%
ah)
9%
Anyone
9%
Bismillah
9%
Bodys
9%
Fandango
9%
Thunderbolt
9%
frightening
8%
(Magnifico)
8%
monstrosity
8%
Scaramouch
8%
stop
8%
aside
7%
landside
7%
Sends
7%
Spare
7%
spit
7%
Beelzebub
6%
silhouetto
6%
Keine übereinstimmenden Quizze gefunden
Verteilung der Resultate
Anzahl Personen mit jedem Resultat
Perzentil nach korrekt beantworteten Fragen
Ihre Resultats-Entwicklung
Sie haben dieses Quiz noch nicht gespielt